Marketing a predpoklady jeho aplikácie v podniku.

Zmena postavenia podnikov v podmienkach otvorenej trhovej ekonomiky. Úskalia konkurencie. Pojem marketingu z hľadiska názorov čsl. a zahraničných podnikov. Zmena klasickej koncepcie marketingu. Marketing ako podnikateľská filozofia. Úloha marketingového výskumu. Marketingový program a jeho kontrola.

Gespeichert in:
Bibliographische Detailangaben
1. Verfasser: Pinková, Dagmar
Format: Buchkapitel
Sprache:Slowakisch
Schlagworte:
Tags: Tag hinzufügen
Keine Tags, Fügen Sie das erste Tag hinzu!

MARC

LEADER 00000naa a2200000 4500
001 r006607
005 20221125080832.3
041 0 |a slo 
044 |a [CS] 
245 1 0 |a Marketing a predpoklady jeho aplikácie v podniku.  |c Dagmar Pinková 
520 |a Zmena postavenia podnikov v podmienkach otvorenej trhovej ekonomiky. Úskalia konkurencie. Pojem marketingu z hľadiska názorov čsl. a zahraničných podnikov. Zmena klasickej koncepcie marketingu. Marketing ako podnikateľská filozofia. Úloha marketingového výskumu. Marketingový program a jeho kontrola. 
610 2 0 |a marketing 
610 2 0 |a podnik 
610 2 0 |a konkurencia 
610 2 0 |a hospodárstvo trhové 
610 2 0 |a ČSFR 
100 1 |a Pinková, Dagmar